000 00689nam a22001930 4500
003 PILC
005 20150917102120.0
008 990622s1951 eng
050 _aPE 1408
_b.C28 1951
100 1 _aCampbell, Paul Edward,
_d1890-
245 1 0 _aVoyages in English, 3rd-8th year /
_cPaul, E. Campbell and Mary Donatus Macnickle.
260 _aChicago :
_bLoyola University Press,
_c1951.
300 _aviii, 438 pages :
_billustrations ;
_c21 cm.
440 4 _aThe spirit of adventure series.
650 _aEnglish language
_xComposition and exercises.
650 _aEnglish language
_xGrammar, 1870-
700 1 _aMacnickle, Mary Donatus,
_d1885-
942 _2lcc
_cBK
_kFOR
999 _c288687
_d288687